00842nam a2200205 a 450000100100000000500170001000800410002704000250006808200180009310000360011124500820014726000600022930000200028950000620030950400740037165000450044565000630049065000330055365000500058600002590720200930024137.0110224s1985 dr 000 0 spa d aDO-SdBNPbspacBNPHU a980.02bM244b1 aMaldonado-Denis, Manuel,d1933-10aBolivar :bvigencia de su pensamiento en América /cManuel Maldonado-Denis. aSanto Domingo :bMuseo del Hombre Dominicano,c[1985?]. a51 p. ;c23 cm. aIncluye datos biográficos del autor en la contraportada aIncluye referencias bibliográficas y notas al pie de las páginas. 4aBolivar, simón,d1783-1830xInfluencia 4aBolivar, simón,d1783-1830xCrítica e interpretación 4aMartí, josé,d1853-1895. 4aRegión caribexPolítica y gobiernoy1945-